[Event "St Chely d'Aubrac op 11th"]
[Site "St Chely d'Aubrac"]
[Date "2011.07.11"]
[Round "3"]
[White "Grange, Gary"]
[Black "Meyer, Eric"]
[Result "0-1"]
[WhiteElo "1261"]
[BlackElo "1708"]
[PlyCount "60"]
[EventDate "2011.07.09"]
[EventType "swiss"]
[EventRounds "7"]
[EventCountry "FRA"]
[SourceTitle "CBM 143 Extra"]
[Source "ChessBase"]
[SourceDate "2011.08.29"]
[SourceVersion "1"]
[SourceVersionDate "2011.08.29"]
[SourceQuality "1"]

1. d4 d6 2. e4 Nf6 3. Nc3 g6 4. Nf3 Bg7 5. Bg5 c6 6. Bd3 0-0 7. 0-0 Nbd7 8. Re1 Re8 9. e5 dxe5 10. dxe5 Ng4 11. Bf4 Nh6 12. Qd2 Nf5 13. Bxf5 gxf5 14. Rad1 Qa5 15. a3 Nb6 16. Qd4 Be6 17. a4 Nc4 18. b3 Rad8 19. Qxd8 Rxd8 20. Rxd8+ Qxd8 21. Rd1 Qa5 22. bxc4 Qxc3 23. h3 f6 24. Nd4 Kf7 25. Rd3 Qa1+ 26. Kh2 fxe5 27. Nxe6 Kxe6 28. Bg5 Qxa4 29. g4 f4 30. f3 Qxc2+ 0-1